Suomen nimipäivät - Statistics

Yleistilastot
  • Tätä visaa on pelattu 2 757 kertaa
    973 viimeisimmän päivityksen jälkeen
  • Keskiarvotulos 165 / 366
Vastaustilastot
2025 Nimet % Oikein
9.12. Anna, Anne, Anni, Anu, Annu, Anneli, Annikki, Annika, Annukka
92%
29.8. Iina, Iines, Inna, Inari
91%
24.6. Juha, Jukka, Janne, Jani, Jussi, Juho, Juhani, Johannes, Juhana
88%
21.7. Hanna, Johanna, Jenni, Jenna, Jonna, Hannele, Hanne, Joanna
86%
2.7. Maija, Maria, Mari, Marika, Meeri, Maiju, Riia, Maaria, Maikki, Kukka-Maaria
85%
23.1. Enni, Eine, Eini, Enna
84%
25.11. Katri, Kaija, Katja, Kaisa, Kati, Kaarina, Kaisu, Riina, Katariina, Katriina
84%
28.9. Arja, Lenni, Leon
83%
29.9. Mikko, Mika, Mikael, Miika, Miikka, Miska, Miko, Mikaela, Miki
83%
29.6. Pekka, Petri, Petra, Petteri, Peetu, Petrus, Petja, Pietari, Pekko
83%
19.7. Sari, Saara, Sara, Salla, Salli, Sarita
83%
10.2. Elina, Ella, Ellen, Elle, Elna
82%
19.5. Emma, Emilia, Milla, Emmi, Milja, Mila, Milka, Amalia, Amelia, Milena
82%
11.9. Santeri, Santtu, Sandra, Aleksanteri, Ali, Aleksandra, Ale
82%
11.2. Iisa, Isabella, Talvikki
81%
15.8. Marja, Jaana, Marjo, Marita, Marjatta, Marianne, Maritta, Marjaana, Marianna, Marjukka, Marjut, Jatta, Marju
81%
24.7. Tiina, Kirsi, Kirsti, Krista, Kristiina, Kiia, Tinja
81%
10.5. Aino, Aini, Aina, Ainikki
79%
16.12. Auli, Aulikki, Aada, Adele
79%
19.1. Heikki, Henri, Henna, Henrik, Henni, Henriikka, Henriikki
79%
29.3. Jouni, Joni, Joonas, Joona, Jonne, Jonni
79%
24.12. Aatami, Eeva, Eevi, Eveliina
78%
25.3. Aija, Aava
78%
26.6. Jorma, Jarmo, Jarkko, Jere, Jarno, Jeremias
78%
19.11. Liisa, Elisa, Eliisa, Liisi, Elisabet, Elise
78%
26.5. Minna, Vilma, Miina, Mimmi, Minni, Vilhelmiina
78%
26.10. Niina, Nina, Amanda, Manta, Ninni
77%
11.7. Noora, Elli, Nelli, Eleonoora, Elea
77%
6.4. Ville, Vilho, Vili, Viljami, Jami, Vilhelm
77%
29.7. Olli, Olavi, Oula, Uolevi, Uoti
76%
30.11. Antti, Antero, Atte, Andreas
75%
12.4. Julia, Julius, Janna, Juuli, Janni, Juliaana, Juulia
75%
11.1. Kari, Karri
75%
30.4. Mirja, Miia, Mira, Mirva, Mirka, Mirjami, Mirella, Mirkka
75%
6.12. Niilo, Niko, Niki, Nikolas, Nikolai, Niklas, Niila
75%
21.12. Tuomas, Tomi, Tommi, Tuomo
75%
21.1. Aune, Oona, Netta, Auni
74%
18.5. Erkki, Eero, Eerika, Eerik, Erkka, Eerikki
74%
16.2. Kai, Kaius
74%
25.1. Paavo, Pauli, Paul, Paulus, Paavali
74%
10.8. Lauri, Lasse, Lassi
73%
11.8. Sanna, Susanna, Sanni, Susanne
73%
20.3. Aki, Kim, Kimi, Jooa, Joakim, Jaakkima
72%
23.4. Jyrki, Yrjö, Jyri, Jori, Jiri, Yrjänä
72%
24.2. Matti, Matias
72%
20.8. Sami, Samuli, Samu, Samuel
71%
29.5. Oliver, Olivia, Oiva, Oivi, Livia
70%
9.1. Veikko, Veli, Veijo, Veikka
69%
14.9. Iida, Isla, Iita
68%
22.6. Paula, Pauliina, Liina
68%
18.10. Satu, Säde, Luukas, Luka
67%
15.5. Sofia, Sonja, Sohvi
67%
6.2. Tiia, Terhi, Teija, Tea, Terhikki
67%
22.2. Tuuli, Hilda, Tuulikki, Tuulia
67%
25.7. Jaakko, Jimi, Jaakob, Jaakoppi, Jasu
66%
28.1. Kalle, Kaarlo, Kaarle, Mies
66%
11.12. Tatu, Taneli, Daniel, Daniela
66%
7.5. Helmi, Kastehelmi
65%
2.2. Jemina, Lumi, Aamu
65%
22.7. Leena, Matleena, Leeni, Lenita
65%
7.10. Pirkko, Pirjo, Piritta, Pirita, Birgitta, Pipsa
65%
4.7. Ulla, Ulpu
65%
18.12. Aapo, Rami, Aappo
64%
31.1. Alli
64%
25.4. Markku, Marko, Markus
64%
28.2. Onni, Sisu
64%
22.10. Anja, Anita, Anniina, Anitta, Anette, Nita
63%
22.11. Silja, Selja, Seela, Cecilia
63%
7.6. Suvi, Roope, Robert, Robin
63%
7.3. Tarja, Taru, Taika
63%
6.7. Esa, Esaias
62%
16.5. Essi, Ester, Esteri
62%
27.12. Hannu, Hannes, Hans
62%
9.7. Jasmin, Jade, Nanna, Jasmiina, Ilta
61%
19.3. Juuso, Joose, Josefiina, Jooseppi, Joosef, Jose
61%
4.2. Ronja, Armi, Mio
61%
2.5. Viivi, Vuokko, Vivian
61%
31.10. Arto, Arttu, Artturi
60%
20.11. Jari, Jalmari, Jare
60%
20.5. Lilja, Karoliina, Lilli, Lila, Lili, Lilia, Lilian
60%
20.7. Maarit, Reetta, Marketta, Reeta, Maaret, Margareeta
60%
3.8. Nea, Linnea, Neea, Vanamo
60%
3.4. Veeti, Sampo
60%
12.9. Vilja, Valma, Neo
60%
26.8. Ilmi, Ilma, Ilmatar
59%
17.3. Kerttu, Kerttuli
59%
18.1. Laura
59%
3.12. Meri, Vellamo
59%
6.10. Pinja, Minttu
59%
2.9. Sinikka, Sini, Justus
59%
13.10. Taina, Tanja, Taija
59%
17.1. Toni, Anton, Antto, Anttoni
59%
9.4. Elias, Eelis, Eeli, Eliel, Elia, Eljas, Ilja
58%
16.6. Päivi, Päivikki, Päivä
58%
26.12. Tapani, Teppo, Tahvo
58%
9.5. Timo, Timi
58%
10.10. Aleksi, Aleksis
56%
19.12. Iiro, Iisakki, Iikka, Isko
56%
24.4. Pertti, Altti, Albert
56%
12.6. Esko
55%
24.3. Kaapo, Gabriel, Kaapro, Kaappo
55%
12.5. Lotta
55%
14.3. Matilda, Mette, Tilda, Malla
55%
4.10. Saija, Saila, Frans, Siina, Sinna
55%
14.1. Sakari, Saku, Sasu
55%
10.6. Seppo
55%
25.2. Tuija, Tuire, Vanessa, Jessica
55%
2.3. Virve, Fanni, Virva, Fiona
55%
17.11. Eino, Einari
54%
5.10. Inkeri, Inka
54%
20.10. Kasperi, Kauno, Kasper, Jasper, Jesper
54%
15.6. Vieno, Moona, Viena, Mona
54%
30.8. Eemeli, Eemil, Eemi
53%
6.1. Harri
53%
13.7. Joel, Ilari, Lari
53%
18.8. Leevi
53%
9.2. Raija, Raisa
53%
23.6. Aatu, Aatto, Aadolf
52%
28.4. Ilpo, Tuure, Ilppo
52%
28.12. Piia
52%
4.5. Roosa, Rosa, Ruusu
52%
31.7. Helena, Elena
51%
13.8. Jesse, Okko
51%
21.2. Keijo, Alva
51%
23.9. Minja, Miisa, Mielikki
51%
18.7. Riikka
51%
1.2. Riitta
51%
1.7. Aaro, Aaron
50%
4.3. Ari, Arsi, Atro
50%
20.12. Benjamin, Kerkko
50%
27.7. Heidi
50%
20.2. Heli, Heljä, Helinä, Hely
50%
21.11. Hilma
50%
27.4. Merja, Meea
50%
19.6. Siiri
50%
26.4. Terttu, Teresa, Tessa
50%
6.9. Asko, Felix
49%
16.1. Ilmari, Ilmo
49%
5.3. Leila, Laila
49%
17.2. Väinö, Rita, Karita, Väinämö
49%
23.3. Akseli, Selina
48%
9.8. Erja, Eira, Nadja
48%
16.9. Hilla, Hellevi, Hillevi, Hille
48%
4.8. Veera
48%
9.9. Vertti, Isto, Eevert
48%
10.3. Aurora, Aura, Auri
47%
3.1. Elmo, Elmeri. Elmer
47%
17.5. Maila, Maisa, Mailis, Rebekka, Maili
47%
11.4. Minea, Minka, Verna
47%
23.7. Oili, Olga
47%
1.12. Oskari, Oskar
47%
24.8. Perttu, Bertta
47%
12.3. Reijo, Reko
47%
15.3. Risto
47%
31.3. Irma, Irmeli, Aamos
46%
5.1. Lea, Leea
46%
1.4. Peppi, Raita, Pulmu
46%
14.6. Pihla, Kielo
46%
5.7. Unto, Untamo
46%
2.12. Anelma, Unelma, Unna
45%
18.3. Eetu, Edvard, Eppu
45%
13.5. Kukka, Floora
45%
21.3. Pentti
45%
17.10. Saana, Saini, Saaga
45%
18.6. Tapio
45%
14.5. Tuula
45%
2.6. Venla
45%
17.9. Aila, Aili
44%
21.4. Anssi, Anselmi, Camilla
44%
9.10. Ilona
44%
6.6. Kyösti, Kustaa, Kustavi
44%
15.4. Linda, Tuomi
44%
19.8. Mauno, Maunu
44%
30.5. Pasi
44%
28.10. Simo
44%
1.6. Teemu, Nikodemus
44%
18.9. Tytti, Tyyne, Tyyni
44%
3.6. Viola, Orvokki
44%
3.2. Hugo, Valo
43%
15.11. Janina, Janika, Janita, Janette
43%
2.8. Kimmo
43%
5.5. Melissa, Melina, Maini
43%
7.9. Miro, Milo, Arho, Arhippa
43%
13.1. Nuutti
43%
17.4. Otto
43%
10.4. Tero
43%
2.1. Aapeli
42%
7.1. Aku, Aukusti, August
42%
22.4. Alina, Aida
42%
23.11. Ismo
42%
20.4. Nella, Neela, Lauha
42%
13.12. Seija
42%
26.11. Sisko
42%
4.6. Toivo
42%
28.11. Heini, Kaisla
41%
17.7. Ossi, Ossian
41%
1.10. Rauno, Rainer, Raine. Raino
41%
27.5. Ritva
41%
30.12. Taavetti, Taavi, Daavid
41%
7.11. Taisto, Erin, Kevin
41%
14.2. Voitto, Tino, Valentin
41%
28.5. Alma
40%
15.12. Heimo, Nooa
40%
16.3. Ilkka
40%
10.9. Kalevi, Kaleva
40%
21.5. Konsta, Kosti, Konstantin
40%
24.10. Rasmus, Asmo
40%
23.12. Senni, Noel
40%
15.9. Sirpa
40%
4.1. Tiitus, Ruut
40%
30.3. Usko
40%
27.9. Vesa
40%
14.10. Elsa, Else, Elsi
39%
4.11. Hertta
39%
14.12. Jouko
39%
28.6. Leo
39%
3.5. Outi, Linus
39%
13.6. Raili, Raila
39%
27.3. Sauli, Saul
39%
13.2. Sulo, Sulho
39%
1.1. Uudenvuodenpäivä
39%
1.5. Vappu, Valpuri
39%
27.1. Viljo
39%
19.2. Eija
38%
8.10. Hilja
38%
19.4. Pilvi, Pälvi
38%
5.9. Roni, Mainio
38%
10.7. Saimi, Saima
38%
16.10. Sirkka, Sirkku, Luna, Stella
38%
17.6. Urho
38%
25.6. Uuno
38%
30.10. Eila
37%
27.6. Elvi, Elviira
37%
7.8. Lahja
37%
13.9. Orvo
37%
5.12. Selma
37%
24.5. Tuukka, Touko
37%
12.8. Kiira, Klaara, Kira
36%
13.11. Kristian, Ano
36%
10.11. Martti, Martin
36%
1.11. Pyry, Lyly
36%
16.7. Reino, Rene
36%
5.8. Salme, Sanelma
36%
1.3. Alpo, Alvi, Alpi
35%
22.8. Iivari, Iivo
35%
30.1. Irja
35%
26.3. Manu, Immo, Manne, Immanuel
35%
14.8. Onerva, Kanerva
35%
11.10. Otso, Ohto
35%
29.1. Valtteri
35%
14.7. Alisa, Aliisa, Alissa
34%
16.4. Jalo, Patrik
34%
26.1. Joonatan
34%
23.5. Lyyli, Lyydia
34%
26.7. Martta
34%
28.8. Tauno
34%
30.7. Asta
33%
13.3. Erno, Tarvo, Ernesti
33%
27.11. Hilkka
33%
3.10. Raimo
33%
7.2. Riku, Rikhard
33%
12.7. Hermanni, Herkko, Herman
32%
20.6. Into
32%
5.4. Irene, Ira, Irina, Iro
32%
1.9. Pirkka
32%
23.10. Severi
32%
9.11. Teuvo, Teo
32%
20.9. Varpu, Vaula
32%
21.6. Ahti, Ahto
31%
28.3. Armas
31%
3.7. Arvo
31%
9.6. Ensio
31%
27.10. Helli, Hellin, Hellä, Helle
31%
14.11. Iiris
31%
10.12. Jutta
31%
11.11. Panu
31%
15.7. Rauni, Rauna
31%
30.9. Siru, Sirja, Sorja
31%
8.4. Suoma, Suometar
31%
4.4. Ukko
31%
16.8. Aulis
30%
9.3. Auvo, Edvin
30%
12.2. Elma, Elmi
30%
10.1. Nyyrikki
30%
17.8. Verneri, Venni
30%
29.11. Aimo
29%
19.9. Reija
29%
16.11. Aarne, Aarno, Aarni
28%
11.5. Osmo
28%
24.1. Senja
28%
8.11. Aatos
27%
4.12. Airi, Aira
27%
7.4. Allan, Ahvo
27%
24.9. Alvar, Auno
27%
22.9. Mauri
27%
3.9. Soile, Soili, Soila
27%
29.4. Teijo
27%
8.1. Titta, Hilppa
27%
12.1. Toini
27%
2.11. Topi, Topias
27%
22.1. Visa
27%
6.5. Ylermi
27%
31.5. Helka, Helga
26%
15.10. Helvi, Heta
26%
8.2. Laina
26%
25.10. Sointu
26%
6.3. Tarmo, Rolf
26%
3.11. Terho
26%
12.10. Aarre, Aarto
25%
7.7. Klaus, Launo
25%
21.9. Mervi
25%
29.12. Rauha
25%
8.8. Sylvi, Sylvia, Silva
25%
18.4. Valto, Valdemar
25%
18.2. Kaino
24%
3.3. Kauko
24%
8.12. Kyllikki, Kylli
24%
30.6. Päivö, Päiviö
24%
18.11. Tenho, Jousia, Max
24%
25.5. Urpo
24%
21.10. Ursula
24%
12.11. Virpi
24%
5.2. Asser
23%
8.5. Heino
23%
25.9. Kullervo
23%
24.11. Lempi, Lemmikki, Sivi
23%
25.8. Loviisa
22%
5.6. Sulevi
22%
13.4. Tellervo
22%
12.12. Tuovi
22%
8.7. Turo, Turkka
22%
4.9. Ansa
21%
31.8. Arvi
21%
22.5. Hemmo, Hemminki
21%
11.6. Impi, Immi
21%
11.3. Kalervo
21%
17.12. Raakel
21%
6.8. Toimi, Keimo
21%
1.8. Maire
20%
26.2. Nestori
20%
8.9. Taimi
20%
22.3. Viktor, Vihtori
20%
25.12. Joulupäivä
19%
6.11. Mimosa
19%
20.1. Sebastian
19%
27.2. Torsti
19%
5.11. Reima
18%
29.10. Alfred, Urmas
17%
2.4. Pellervo
17%
31.12. Sylvester, Silvo
17%
19.10. Uljas
17%
27.8. Rauli
16%
23.2. Aslak
15%
28.7. Atso
15%
26.9. Kuisma
15%
15.2. Sipi, Sippo
15%
21.8. Soini, Veini
15%
7.12. Sampsa
14%
23.8. Signe, Varma
14%
15.1. Solja
14%
2.10. Valio
13%
29.2. Karkauspäivä
11%
8.6. Salomo, Salomon
11%
14.4. Taito
10%
22.12. Raafael
8%
8.3. Vilppu
8%
Ehtoja vastaavia visoja ei löytynyt
Tulosjakauma
Jokaisen tuloksen saaneiden osuus
Persentiili vastausten määrän mukaan
Tuloshistoriasi
Et ole pelannut tätä visaa sen viimeisimmän päivityksen jälkeen